Antologi cerpen Si Hitam

Bibliographic Details
Main Author: Tand, B.Y
Format: Book
Published: Shah Alam : Marwilis , 1989
Subjects:

MARC

LEADER 00000cam a2200000 7i4500
001 0000006737
002 000007262
005 20000330.0
020 |a 9838311405 
090 0 0 |a F   |b TAN 
100 1 |a Tand, B.Y 
245 1 0 |a Antologi cerpen Si Hitam   |c B.Y. Tand dan Siow Siew Sing 
260 |a Shah Alam :   |b Marwilis ,   |c 1989 
300 |a 165 p. ;   |c 18 cm. 
650 0 0 |a Short stories, Malay 
999 |a 023345   |b BUKU   |c PINJAMAN   |e PERPUSTAKAAN KOMUNITI PETALING JAYA